[Event "GMI 90 ans"]
[Site "Paris"]
[Date "2015.??.??"]
[Round "1"]
[White "Barbot, Pierre"]
[Black "Rakotomaharo, Fy Antenaima"]
[Result "1/2-1/2"]
[WhiteElo "2445"]
[BlackElo "2450"]
[PlyCount "69"]
[EventDate "2015.07.04"]
[EventType "tourn"]
[EventCountry "FRA"]

1. d4 Nf6 2. c4 g6 3. Nc3 Bg7 4. e4 d6 5. Nf3 O-O 6. h3 e5 7. d5 a5 8. g4 Na6
9. Be3 Nd7 10. a3 Nac5 11. Nd2 Bf6 12. Qf3 Bg5 13. h4 Bf4 14. Bxf4 exf4 15.
Qxf4 Ne5 16. Qg3 Nxg4 17. Be2 h5 18. f3 Ne3 19. Kf2 Nc2 20. Rac1 Nd4 21. Qg5
Bd7 22. Qxd8 Rfxd8 23. Ke3 Nxe2 24. Nxe2 a4 25. Rhg1 Rab8 26. Nf4 Kf8 27. Nd3
b6 28. Nb4 Re8 29. Kd4 Kg7 30. Rg5 Kh6 31. Rcg1 Rg8 32. f4 Bg4 33. e5 Rbe8 34.
Nd3 f6 35. exf6 1/2-1/2

[Event "GMI 90 ans"]
[Site "Paris"]
[Date "2015.??.??"]
[Round "1"]
[White "Guliyev, Namig"]
[Black "Lokander, Martin"]
[Result "1-0"]
[WhiteElo "2552"]
[BlackElo "2403"]
[PlyCount "69"]
[EventDate "2015.07.04"]
[EventType "tourn"]
[EventCountry "FRA"]

1. e4 c5 2. Nf3 e6 3. d4 cxd4 4. Nxd4 Nf6 5. Nc3 Nc6 6. Ndb5 Bb4 7. a3 Bxc3+ 8.
Nxc3 d5 9. Bd3 O-O 10. O-O d4 11. Ne2 e5 12. h3 h6 13. f4 exf4 14. Bxf4 Qe7 15.
Ng3 Ne5 16. Qd2 Rd8 17. Rae1 Nxd3 18. cxd3 Be6 19. Bxh6 gxh6 20. Qxh6 Nh7 21.
Nh5 Qf8 22. Qf4 f6 23. Qh4 Qh6 24. Nxf6+ Kg7 25. Qg3+ Qg6 26. Qc7+ Kh8 27. Qe5
Bf7 28. Ng4+ Kg8 29. Rxf7 Kxf7 30. Rf1+ Kg8 31. Nf6+ Kh8 32. Nxh7+ Kxh7 33. Rf6
Qe8 34. Qf5+ Kh8 35. Rh6+ 1-0

[Event "GMI 90 ans"]
[Site "Paris"]
[Date "2015.??.??"]
[Round "1"]
[White "Kambrath, Yannick"]
[Black "Fedorchuk, Sergey A"]
[Result "0-1"]
[WhiteElo "2399"]
[BlackElo "2664"]
[PlyCount "150"]
[EventDate "2015.07.04"]
[EventType "tourn"]
[EventCountry "FRA"]

1. d4 e6 2. c4 Bb4+ 3. Nd2 Nf6 4. Ngf3 O-O 5. a3 Be7 6. e4 d6 7. Bd3 Nfd7 8.
O-O e5 9. Re1 a5 10. Bc2 exd4 11. Nxd4 Ne5 12. Rb1 Bf6 13. b3 Na6 14. Bb2 Re8
15. h3 c6 16. Nf5 Ng6 17. Nf3 Bxb2 18. Rxb2 Qf6 19. Rb1 Rd8 20. Qd2 Nc5 21. g4
h6 22. Qd4 Qxd4 23. N3xd4 Nf4 24. Kh2 g6 25. Ne3 Re8 26. f3 Kf8 27. Kg3 Nfe6
28. Rbd1 Nc7 29. h4 Re5 30. Ne2 Ne8 31. Nf4 Be6 32. Nd3 Nxd3 33. Rxd3 b5 34.
cxb5 Rxb5 35. Rc3 c5 36. Rd1 Ke7 37. f4 Rab8 38. Nc4 Bxc4 39. Rxc4 Nc7 40. f5
gxf5 41. gxf5 Rg8+ 42. Kf3 Rb6 43. e5 Nb5 44. exd6+ Rxd6 45. Re1+ Kf6 46. Rxc5
Nd4+ 47. Kf2 Rg4 48. Re4 Nxb3 49. Rxg4 Nxc5 50. Rc4 Rd5 51. Kf3 Nd7 52. Ke4 Rd6
53. Kf4 Ne5 54. Re4 Rd5 55. Bb1 Rd1 56. Bc2 Rf1+ 57. Ke3 Rf3+ 58. Kd4 Nc6+ 59.
Kc5 Rxa3 60. Kxc6 Rc3+ 61. Kb5 Rxc2 62. Rf4 Ke5 63. Rf1 Rh2 64. Kxa5 Rxh4 65.
Kb5 h5 66. f6 Rf4 67. Rh1 h4 68. Kc5 Kxf6 69. Kd5 Kf5 70. Rg1 h3 71. Rg7 Rh4
72. Rxf7+ Kg4 73. Rg7+ Kf3 74. Rf7+ Ke2 75. Re7+ Kd2 0-1

[Event "GMI 90 ans"]
[Site "Paris"]
[Date "2015.??.??"]
[Round "1"]
[White "Moussard, Jules"]
[Black "Loiseau, Quentin"]
[Result "1-0"]
[WhiteElo "2475"]
[BlackElo "2429"]
[PlyCount "79"]
[EventDate "2015.07.04"]
[EventType "tourn"]
[EventCountry "FRA"]

1. e4 c5 2. d3 Nc6 3. g3 g6 4. Bg2 Bg7 5. f4 e6 6. Nf3 Nge7 7. O-O O-O 8. c3 d5
9. e5 b5 10. Be3 d4 11. cxd4 Nf5 12. Bf2 cxd4 13. Na3 Qb6 14. Nc2 Ne3 15. Bxe3
dxe3 16. Qe2 Rd8 17. Rfd1 Bb7 18. Qxe3 Qc7 19. Rac1 Ne7 20. Ng5 Nd5 21. Qf2
Rac8 22. Ne4 Ba8 23. Nd6 Rxd6 24. exd6 Qxd6 25. d4 Rd8 26. Kh1 h5 27. Ne1 h4
28. Nf3 hxg3 29. hxg3 Nf6 30. Ne5 Ne4 31. Qe3 f5 32. Rc2 Bb7 33. Kh2 g5 34.
Rdc1 gxf4 35. gxf4 Qxd4 36. Qxd4 Rxd4 37. Rc7 Bh6 38. Ng6 Ba6 39. R1c6 Ra4 40.
Rxe6 1-0

[Event "GMI 90 ans"]
[Site "Paris"]
[Date "2015.??.??"]
[Round "1"]
[White "Sochacki, Christophe"]
[Black "Gharamian, Tigran"]
[Result "0-1"]
[WhiteElo "2427"]
[BlackElo "2649"]
[PlyCount "74"]
[EventDate "2015.07.04"]
[EventType "tourn"]
[EventCountry "FRA"]

1. e4 c5 2. Nf3 e6 3. d4 cxd4 4. Nxd4 a6 5. Nc3 b5 6. Bd3 Bb7 7. Qe2 Nc6 8.
Nxc6 Bxc6 9. O-O Qb8 10. f4 Be7 11. e5 f5 12. Be3 Nh6 13. Qd2 Qb7 14. Be2 Bxg2
15. Bh5+ g6 16. Bxg6+ hxg6 17. Qxg2 Qxg2+ 18. Kxg2 Ng4 19. Bg1 g5 20. h3 Nh6
21. fxg5 Nf7 22. Rae1 Bxg5 23. Bb6 Bd8 24. Bd4 Rc8 25. a3 Rc4 26. Rd1 Bc7 27.
Rfe1 Rh4 28. Bf2 Rh7 29. Bd4 Nh8 30. b3 Rc6 31. Rd3 Ng6 32. Rg3 Kf7 33. Kh1 Rh4
34. Bf2 Bxe5 35. Rxg6 Rxh3+ 36. Kg2 Rh2+ 37. Kg1 Bxc3 0-1

[Event "GMI 90 ans"]
[Site "Paris"]
[Date "2015.??.??"]
[Round "2"]
[White "Lokander, Martin"]
[Black "Loiseau, Quentin"]
[Result "1/2-1/2"]
[WhiteElo "2403"]
[BlackElo "2429"]
[PlyCount "79"]
[EventDate "2015.07.04"]
[EventType "tourn"]
[EventCountry "FRA"]

1. d4 d5 2. c4 c6 3. Nf3 Nf6 4. Nc3 e6 5. Bg5 dxc4 6. e4 b5 7. e5 h6 8. Bh4 g5
9. Nxg5 hxg5 10. Bxg5 Nbd7 11. g3 Bb7 12. Bg2 Qb6 13. exf6 O-O-O 14. O-O c5 15.
d5 b4 16. Na4 Qa6 17. a3 Bxd5 18. Bxd5 Ne5 19. axb4 Rxd5 20. Qe2 cxb4 21. Nc3
Qc6 22. Nxd5 Qxd5 23. f3 Nd3 24. Be3 Bc5 25. Bxc5 Qxc5+ 26. Kh1 Rd8 27. h4 a5
28. g4 Rd5 29. h5 Qd4 30. Qe4 Nf2+ 31. Rxf2 Qxf2 32. Qxc4+ Kd8 33. Qf4 Rd2 34.
Qb8+ Kd7 35. Qb7+ Kd6 36. Qb8+ Kd7 37. Qb5+ Kd6 38. Qb8+ Kd7 39. Qb5+ Kd6 40.
Qb8+ 1/2-1/2

[Event "GMI 90 ans"]
[Site "Paris"]
[Date "2015.??.??"]
[Round "2"]
[White "Gharamian, Tigran"]
[Black "Barbot, Pierre"]
[Result "1/2-1/2"]
[WhiteElo "2649"]
[BlackElo "2445"]
[PlyCount "43"]
[EventDate "2015.07.04"]
[EventType "tourn"]
[EventCountry "FRA"]

1. d4 d5 2. c4 e6 3. g3 Nf6 4. Bg2 Bb4+ 5. Nd2 O-O 6. Qc2 b6 7. Ngf3 Bb7 8. O-O
Nbd7 9. a3 Be7 10. b4 c5 11. cxd5 exd5 12. bxc5 bxc5 13. Rb1 Ba6 14. Ne5 Qc8
15. Nb3 cxd4 16. Nc6 Re8 17. Nbxd4 Bc5 18. Qd1 Ne4 19. Bb2 Nb6 20. Nb4 Nc4 21.
Nxa6 Qxa6 22. Qd3 1/2-1/2

[Event "GMI 90 ans"]
[Site "Paris"]
[Date "2015.??.??"]
[Round "2"]
[White "Fedorchuk, Sergey A"]
[Black "Moussard, Jules"]
[Result "1-0"]
[WhiteElo "2664"]
[BlackElo "2475"]
[PlyCount "101"]
[EventDate "2015.07.04"]
[EventType "tourn"]
[EventCountry "FRA"]

1. e4 e5 2. Nf3 Nc6 3. Bb5 a6 4. Ba4 d6 5. O-O Bd7 6. Re1 g6 7. d4 Bg7 8. d5
Nce7 9. c4 h6 10. Nc3 f5 11. c5 Nf6 12. Qb3 Rb8 13. Be3 Bxa4 14. Qxa4+ Qd7 15.
Qb3 Nxe4 16. c6 Qc8 17. Ba7 Nxc3 18. bxc3 b6 19. Bxb8 Qxb8 20. Rad1 Qd8 21. g3
Bf6 22. Nd2 O-O 23. Nc4 Rf7 24. Re2 g5 25. Rb2 Nc8 26. Qc2 Bg7 27. a4 a5 28.
Qe2 Rf8 29. Na3 Ne7 30. Nb5 Rf7 31. Qe3 Nc8 32. Re1 Ne7 33. Rd1 Nc8 34. f3 Qf8
35. Kg2 Bf6 36. Re2 Qg7 37. c4 Qf8 38. Qd3 Bg7 39. Rh1 f4 40. gxf4 gxf4 41. Rg1
Qd8 42. Kh1 Ne7 43. Reg2 Kh8 44. Rg4 Qc8 45. Qc2 Nf5 46. Qg2 Re7 47. Rg6 Qf8
48. Qh3 Kh7 49. Re6 Rf7 50. Qh5 e4 51. Nxc7 1-0

[Event "GMI 90 ans"]
[Site "Paris"]
[Date "2015.??.??"]
[Round "2"]
[White "Rakotomaharo, Fy Antenaima"]
[Black "Kambrath, Yannick"]
[Result "1-0"]
[WhiteElo "2450"]
[BlackElo "2399"]
[PlyCount "117"]
[EventDate "2015.07.04"]
[EventType "tourn"]
[EventCountry "FRA"]

1. d4 Nf6 2. c4 g6 3. Nc3 d5 4. Nf3 Bg7 5. cxd5 Nxd5 6. Bg5 O-O 7. Qd2 Nxc3 8.
bxc3 c5 9. Rb1 Nc6 10. e3 Qc7 11. Bd3 Bg4 12. Be4 Rac8 13. O-O Bxf3 14. Bxf3 e5
15. d5 Na5 16. Be2 f6 17. Bh4 Qd6 18. e4 Rc7 19. Bg3 f5 20. f4 Re7 21. exf5
gxf5 22. fxe5 Bxe5 23. Bxe5 Rxe5 24. c4 b6 25. Bd3 f4 26. Rf3 Re7 27. Rbf1 Ref7
28. Qc3 Qh6 29. Rh3 Qg5 30. Kh1 Rg7 31. Qc2 h6 32. Qe2 Re7 33. Qf2 Ref7 34. Qf3
Nb7 35. Rh5 Qg7 36. Rh4 Kh8 37. Rg4 Qe5 38. Bg6 Rf6 39. Qh3 Kg7 40. Bc2+ Kh8
41. Rgxf4 Nd6 42. Qh4 Qe2 43. h3 Qxf1+ 44. Rxf1 Rxf1+ 45. Kh2 R1f6 46. Bd3 R8f7
47. Qh5 Re7 48. Qh4 Kg7 49. Qg3+ Kf8 50. h4 Re8 51. a4 Re7 52. Kg1 Re8 53. Bh7
Kf7 54. h5 Rf8 55. Qe5 Kg7 56. Bg6 a5 57. Qe7+ Nf7 58. Kh2 Kg8 59. Qxf6 1-0

[Event "GMI 90 ans"]
[Site "Paris"]
[Date "2015.??.??"]
[Round "2"]
[White "Guliyev, Namig"]
[Black "Sochacki, Christophe"]
[Result "0-1"]
[WhiteElo "2552"]
[BlackElo "2427"]
[PlyCount "112"]
[EventDate "2015.07.04"]
[EventType "tourn"]
[EventCountry "FRA"]

1. e4 c5 2. Nf3 d6 3. d4 cxd4 4. Nxd4 Nf6 5. Nc3 g6 6. Be3 Bg7 7. f3 O-O 8. Qd2
Nc6 9. g4 Be6 10. Nxe6 fxe6 11. O-O-O Ne5 12. Be2 Qc8 13. h4 Nfd7 14. f4 Nc4
15. Bxc4 Qxc4 16. e5 Rad8 17. h5 dxe5 18. hxg6 exf4 19. Qh2 h6 20. Rd4 Qc6 21.
Rxf4 Ne5 22. Qh5 Rxf4 23. Bxf4 Nd3+ 24. cxd3 Bxc3 25. Kb1 Bxb2 26. Kxb2 Rd5 27.
Be5 Rb5+ 28. Ka1 Rxe5 29. Qxe5 Qxh1+ 30. Kb2 Qg2+ 31. Kc3 Qxa2 32. Qb8+ Kg7 33.
Qxb7 Qa3+ 34. Kd2 Qc5 35. Qe4 Qg5+ 36. Kc2 Qxg6 37. Qd4+ Kf7 38. Qf2+ Ke8 39.
Qd4 a6 40. Qa4+ Kf7 41. Qf4+ Qf6 42. Qe4 Kg7 43. Qa4 e5 44. Qd7 Kg6 45. Qe8+
Kg5 46. Qh5+ Kf4 47. Qh3 a5 48. Qg2 Kg5 49. Qd2+ Kxg4 50. Qxa5 h5 51. Qd5 Kg3
52. Qe4 h4 53. Qe3+ Kg2 54. Qe4+ Kf2 55. Qh1 Qf4 56. Kc3 e4 0-1

[Event "GMI 90 ans"]
[Site "Paris"]
[Date "2015.??.??"]
[Round "3"]
[White "Barbot, Pierre"]
[Black "Guliyev, Namig"]
[Result "0-1"]
[WhiteElo "2445"]
[BlackElo "2552"]
[PlyCount "94"]
[EventDate "2015.07.04"]
[EventType "tourn"]
[EventCountry "FRA"]

1. d4 d5 2. c4 dxc4 3. Nf3 a6 4. a4 Nf6 5. e3 Bg4 6. h3 Bxf3 7. Qxf3 Nc6 8.
Bxc4 e5 9. O-O exd4 10. exd4 Qxd4 11. Qb3 O-O-O 12. Bxf7 Bd6 13. Nd2 Ne5 14.
Be6+ Kb8 15. Nc4 Rhe8 16. Nxd6 Rxd6 17. Bf5 Nd3 18. Be3 Qxb2 19. Qf7 Ne5 20.
Qxg7 Nf3+ 21. Kh1 Qe5 22. Qg3 Qxf5 23. Qxf3 Qxf3 24. gxf3 Nd5 25. Rfd1 b6 26.
Rd3 Kb7 27. Rb1 Nxe3 28. Rxd6 cxd6 29. Re1 Rf8 30. Rxe3 Rf4 31. Ra3 b5 32. axb5
axb5 33. Kg2 b4 34. Ra4 Kb6 35. Kg3 Rc4 36. f4 Kb5 37. Ra8 Rc5 38. Kg4 h5+ 39.
Kf3 b3 40. Ke4 Kc4 41. Rb8 d5+ 42. Ke3 Kc3 43. f5 d4+ 44. Ke4 d3 45. f6 d2 46.
f7 d1=Q 47. f8=Q Qe2+ 0-1

[Event "GMI 90 ans"]
[Site "Paris"]
[Date "2015.??.??"]
[Round "3"]
[White "Moussard, Jules"]
[Black "Rakotomaharo, Fy Antenaima"]
[Result "1-0"]
[WhiteElo "2475"]
[BlackElo "2450"]
[PlyCount "59"]
[EventDate "2015.07.04"]
[EventType "tourn"]
[EventCountry "FRA"]

1. e4 c5 2. Nf3 d6 3. d4 cxd4 4. Nxd4 Nf6 5. Nc3 a6 6. Qf3 g6 7. h3 Bg7 8. Bg5
Qa5 9. Be3 O-O 10. O-O-O Nc6 11. Nb3 Qc7 12. g4 Be6 13. Kb1 Rfc8 14. Qg2 Nd7
15. f4 Nb4 16. Bd4 Bxb3 17. cxb3 Bxd4 18. Rxd4 Qb6 19. Rd1 Qe3 20. a3 Nc6 21.
f5 Nf6 22. h4 Ne5 23. Rh3 Qc5 24. Be2 gxf5 25. exf5 Qc6 26. Bf3 Nxf3 27. Rxf3
Kh8 28. g5 Ng8 29. h5 Qe8 30. f6 1-0

[Event "GMI 90 ans"]
[Site "Paris"]
[Date "2015.??.??"]
[Round "3"]
[White "Loiseau, Quentin"]
[Black "Fedorchuk, Sergey A"]
[Result "0-1"]
[WhiteElo "2429"]
[BlackElo "2664"]
[PlyCount "48"]
[EventDate "2015.07.04"]
[EventType "tourn"]
[EventCountry "FRA"]

1. d4 Nf6 2. c4 e6 3. g3 Bb4+ 4. Bd2 Be7 5. Bg2 d5 6. Nf3 c6 7. O-O O-O 8. Qc2
Nbd7 9. Bf4 h6 10. Nc3 dxc4 11. a4 Nd5 12. Ne5 Nxe5 13. dxe5 Qc7 14. Qe4 Rd8
15. Rfd1 Rb8 16. Qxc4 g5 17. Rxd5 exd5 18. Bxd5 gxf4 19. Bxf7+ Kh8 20. gxf4 Bh3
21. Ne4 Qd7 22. Qb3 Qf5 23. f3 Qxf4 24. e6 Rg8+ 0-1

[Event "GMI 90 ans"]
[Site "Paris"]
[Date "2015.??.??"]
[Round "3"]
[White "Kambrath, Yannick"]
[Black "Gharamian, Tigran"]
[Result "1/2-1/2"]
[WhiteElo "2399"]
[BlackElo "2649"]
[PlyCount "113"]
[EventDate "2015.07.04"]
[EventType "tourn"]
[EventCountry "FRA"]
[TimeControl "5430"]

1. d4 Nf6 2. c4 e6 3. Nf3 d5 4. Nc3 Bb4 5. Qa4+ Nc6 6. Ne5 Bd7 7. Nxd7 Qxd7 8.
e3 O-O 9. a3 Bxc3+ 10. bxc3 a6 11. Be2 Rfe8 12. cxd5 exd5 13. c4 Qf5 14. Qd1
dxc4 15. Bxc4 Rad8 16. O-O Ne5 17. Ba2 c5 18. Bb2 cxd4 19. Bxd4 b5 20. Rc1 Rc8
21. Qe2 h6 22. h3 Ned7 23. Qb2 Nf8 24. Rxc8 Rxc8 25. Rc1 Rxc1+ 26. Qxc1 Qd7 27.
Qc3 Ne8 28. Bb3 Ne6 29. Be5 Kh8 30. Bc2 Kg8 31. Be4 f6 32. Bg3 g5 33. Qb3 Kf7
34. Bb1 N8g7 35. Qc2 Nf8 36. Ba2+ Nge6 37. Bc7 Qc8 38. Qc3 Kg7 39. Ba5 Qxc3 40.
Bxc3 Nc5 41. Kf1 Nfd7 42. Ke2 Kf8 43. f3 Ke7 44. e4 Ne5 45. Ke3 Na4 46. Bd4 Nc6
47. g3 Nxd4 48. Kxd4 Kd6 49. f4 gxf4 50. gxf4 Nb6 51. e5+ Ke7 52. Bb3 Nd7 53.
Bd5 a5 54. Bb3 fxe5+ 55. fxe5 b4 56. axb4 axb4 57. Kd5 1/2-1/2

[Event "GMI 90 ans"]
[Site "Paris"]
[Date "2015.??.??"]
[Round "3"]
[White "Sochacki, Christophe"]
[Black "Lokander, Martin"]
[Result "0-1"]
[WhiteElo "2427"]
[BlackElo "2403"]
[PlyCount "124"]
[EventDate "2015.07.04"]
[EventType "tourn"]
[EventCountry "FRA"]

1. d4 Nf6 2. Nf3 g6 3. g3 Bg7 4. Bg2 O-O 5. O-O d5 6. c4 dxc4 7. Na3 Nc6 8.
Nxc4 Bf5 9. b3 Qd7 10. Ba3 Rad8 11. Nfe5 Nxe5 12. Nxe5 Qxd4 13. Qxd4 Rxd4 14.
Bxb7 Rd2 15. Nc6 Nd5 16. Rad1 Rxa2 17. Bc5 e6 18. Rfe1 Bc2 19. Bxf8 Kxf8 20. e4
Bxd1 21. Rxd1 Nf6 22. Rd8+ Ne8 23. Nb4 Ra1+ 24. Kg2 Ke7 25. Nc6+ Kf8 26. e5 Bh6
27. f4 Rc1 28. h4 Bg7 29. Nxa7 Ke7 30. Rb8 f6 31. Bc6 Rc2+ 32. Kf3 Rc3+ 33. Ke4
Nd6+ 34. Kd4 Rxg3 35. exd6+ cxd6 36. Nc8+ Kd8 37. Na7+ Ke7 38. Ba4 f5+ 39. Kc4
Bh6 40. Nc8+ Kf6 41. Nxd6 Bxf4 42. Ne8+ Ke5 43. Bd7 Ke4 44. Ra8 e5 45. b4 Ke3
46. b5 e4 47. Nf6 Kf2 48. Rf8 e3 49. Ne4+ Kf3 50. Nc3 e2 51. Re8 Be3 52. Nxe2
Kxe2 53. b6 Rg4+ 54. Kd5 Rb4 55. Re7 Rxb6 56. Rxh7 f4 57. h5 gxh5 58. Rxh5 Kf2
59. Rf5 f3 60. Rf7 Kg2 61. Ke4 Bh6 62. Bg4 Rb4+ 0-1

[Event "GMI 90 ans"]
[Site "Paris"]
[Date "2015.??.??"]
[Round "4"]
[White "Rakotomaharo, Fy Antenaima"]
[Black "Loiseau, Quentin"]
[Result "0-1"]
[WhiteElo "2450"]
[BlackElo "2429"]
[PlyCount "80"]
[EventDate "2015.07.04"]
[EventType "tourn"]
[EventCountry "FRA"]

1. d4 d5 2. c4 c6 3. Nc3 Nf6 4. e3 e6 5. Nf3 Nbd7 6. Bd3 dxc4 7. Bxc4 b5 8. Bd3
Bb7 9. O-O Bd6 10. Bd2 O-O 11. Rc1 Rc8 12. a3 c5 13. Nxb5 Bb8 14. Qe2 Ng4 15.
e4 a6 16. h3 c4 17. Bb1 axb5 18. hxg4 f5 19. gxf5 exf5 20. e5 Bxf3 21. Qxf3
Nxe5 22. dxe5 Qxd2 23. Rce1 Rce8 24. Qc6 Bxe5 25. Re3 Qd6 26. Qxd6 Bxd6 27.
Rfe1 Rxe3 28. Rxe3 Rd8 29. Bc2 g6 30. g3 Kf7 31. Kg2 Kf6 32. f4 Bxa3 33. Re2
Bxb2 34. Kf3 b4 35. g4 fxg4+ 36. Kxg4 Bd4 37. Rh2 b3 38. Be4 h5+ 39. Kf3 c3 40.
Rg2 Rg8 0-1

[Event "GMI 90 ans"]
[Site "Paris"]
[Date "2015.??.??"]
[Round "4"]
[White "Sochacki, Christophe"]
[Black "Barbot, Pierre"]
[Result "0-1"]
[WhiteElo "2427"]
[BlackElo "2445"]
[PlyCount "66"]
[EventDate "2015.07.04"]
[EventType "tourn"]
[EventCountry "FRA"]

1. d4 Nf6 2. Nf3 e6 3. c4 b6 4. a3 Bb7 5. Nc3 d5 6. cxd5 Nxd5 7. e3 Be7 8. Bb5+
c6 9. Bd3 O-O 10. Ne4 Nd7 11. O-O c5 12. dxc5 Nxc5 13. Nxc5 Bxc5 14. e4 Nf6 15.
Qe2 e5 16. b4 Bd6 17. Rd1 Qe7 18. Nh4 Bc8 19. Be3 Nd5 20. exd5 Qxh4 21. Ba6 Bg4
22. f3 e4 23. fxg4 Qxh2+ 24. Kf1 Qh1+ 25. Kf2 Qh4+ 26. Kf1 f5 27. g3 Qxg3 28.
Bf2 Qh3+ 29. Ke1 e3 30. Bxe3 f4 31. Kd2 fxe3+ 32. Kd3 Rf2 33. Rh1 Qg2 0-1

[Event "GMI 90 ans"]
[Site "Paris"]
[Date "2015.??.??"]
[Round "4"]
[White "Guliyev, Namig"]
[Black "Kambrath, Yannick"]
[Result "1-0"]
[WhiteElo "2552"]
[BlackElo "2399"]
[PlyCount "69"]
[EventDate "2015.07.04"]
[EventType "tourn"]
[EventCountry "FRA"]

1. e4 e5 2. Nf3 Nc6 3. Bb5 a6 4. Ba4 Nf6 5. O-O Be7 6. Re1 b5 7. Bb3 O-O 8. c3
d6 9. d4 Bg4 10. Be3 exd4 11. cxd4 Na5 12. Bc2 Nc4 13. Bc1 c5 14. b3 Na5 15.
Nbd2 Rc8 16. h3 Bh5 17. Bb2 c4 18. bxc4 Nxc4 19. Nxc4 bxc4 20. Bc3 d5 21. e5
Ne8 22. Rb1 Rb8 23. Qe2 Nc7 24. Ba5 Qd7 25. e6 Nxe6 26. Ne5 Bxe2 27. Nxd7 Rxb1
28. Bxb1 Bh5 29. Nxf8 Kxf8 30. Re5 Bd1 31. Rxd5 Bf6 32. Bf5 Nxd4 33. Bb4+ Kg8
34. Rc5 g6 35. Rc8+ 1-0

[Event "GMI 90 ans"]
[Site "Paris"]
[Date "2015.??.??"]
[Round "4"]
[White "Gharamian, Tigran"]
[Black "Moussard, Jules"]
[Result "1-0"]
[WhiteElo "2649"]
[BlackElo "2475"]
[PlyCount "179"]
[EventDate "2015.07.04"]
[EventType "tourn"]
[EventCountry "FRA"]

1. e4 e5 2. Nf3 Nc6 3. Bb5 a6 4. Bxc6 dxc6 5. O-O Qe7 6. d4 exd4 7. Qxd4 Bg4 8.
Ne5 Rd8 9. Qc3 Bc8 10. Nd3 Qf6 11. Bf4 Qxc3 12. Nxc3 Bd6 13. Rfe1 Bxf4 14. Nxf4
Ne7 15. Rad1 O-O 16. Rxd8 Rxd8 17. Rd1 Rxd1+ 18. Nxd1 f6 19. f3 Kf7 20. g4 Bd7
21. h4 h6 22. h5 Nc8 23. Kf2 Nd6 24. Ne3 b6 25. Ke2 Be8 26. Kd2 Ke7 27. Ne2 Bd7
28. b3 Bc8 29. Ng3 Bd7 30. Kd3 Kf7 31. Ke2 Nb5 32. Kd3 Nd6 33. Ngf5 Nb7 34. Nd4
Nd8 35. Kd2 Kf8 36. Ne2 Ne6 37. Nf5 Kf7 38. Ke3 Nd8 39. Nf4 Bc8 40. Ng6 Bd7 41.
Nf4 Bc8 42. Kd4 Bd7 43. a3 Nb7 44. c4 a5 45. Kc3 Nc5 46. Ne3 Bc8 47. Nd3 Ne6
48. f4 Nd8 49. b4 axb4+ 50. axb4 Ne6 51. f5 Nd8 52. c5 Ba6 53. Nc4 Bxc4 54.
Kxc4 Ke7 55. Kd4 Nf7 56. Nf4 Ne5 57. Ne6 Nxg4 58. Nxc7 bxc5+ 59. Kxc5 Ne5 60.
Ne6 Nd3+ 61. Kc4 Ne5+ 62. Kc5 Nd3+ 63. Kc4 Ne5+ 64. Kd4 Kd6 65. Nxg7 Nf3+ 66.
Ke3 Ng5 67. Kd4 Nf3+ 68. Ke3 Ng5 69. Ne6 Nf7 70. Nd4 c5 71. bxc5+ Kxc5 72. Nf3
Kd6 73. Kf4 Ke7 74. Ke3 Kd6 75. Nh2 Ne5 76. Kf4 Ke7 77. Ng4 Nxg4 78. Kxg4 Kd7
79. Kf4 Kd6 80. e5+ fxe5+ 81. Ke4 Ke7 82. Kxe5 Kf7 83. f6 Kf8 84. Ke4 Kg8 85.
Kf4 Kh8 86. Kf5 Kh7 87. Ke6 Kg8 88. Ke7 Kh8 89. f7 Kh7 90. Kf6 1-0

[Event "GMI 90 ans"]
[Site "Paris"]
[Date "2015.??.??"]
[Round "4"]
[White "Lokander, Martin"]
[Black "Fedorchuk, Sergey A"]
[Result "0-1"]
[WhiteElo "2403"]
[BlackElo "2664"]
[PlyCount "86"]
[EventDate "2015.07.04"]
[EventType "tourn"]
[EventCountry "FRA"]

1. d4 Nf6 2. c4 e6 3. Nc3 Bb4 4. Qc2 c5 5. dxc5 O-O 6. Nf3 Na6 7. g3 Nxc5 8.
Bg2 b6 9. O-O Bb7 10. Nb5 Be4 11. Qd1 Nb7 12. Bf4 Be7 13. Bc7 Qc8 14. Bd6 Nxd6
15. Nxd6 Bxd6 16. Qxd6 Qb7 17. Rfd1 Rac8 18. Qd4 Rc7 19. Ne1 Rfc8 20. Bxe4 Nxe4
21. a4 h6 22. b3 d5 23. cxd5 Nc3 24. Rd2 Nxd5 25. Ng2 Rc1+ 26. Rxc1 Rxc1+ 27.
Rd1 Qc7 28. Kf1 Qc5 29. Ne1 Qxd4 30. Rxd4 a5 31. f3 Rb1 32. Rd3 Nb4 33. Rc3 Na2
34. Rc2 Nb4 35. Rc3 Na2 36. Rc2 Nc1 37. b4 axb4 38. Rc8+ Kh7 39. Rb8 Ra1 40.
Rxb6 Rxa4 41. Kf2 Ra2 42. Rc6 Nxe2 43. Rc2 b3 0-1

[Event "GMI 90 ans"]
[Site "Paris"]
[Date "2015.??.??"]
[Round "5"]
[White "Moussard, Jules"]
[Black "Guliyev, Namig"]
[Result "0-1"]
[WhiteElo "2475"]
[BlackElo "2552"]
[PlyCount "108"]
[EventDate "2015.07.04"]
[EventType "tourn"]
[EventCountry "FRA"]

1. e4 e5 2. Nc3 Nc6 3. f4 exf4 4. d4 Qh4+ 5. Ke2 d6 6. Nf3 Bg4 7. Bxf4 O-O-O 8.
Ke3 Qh5 9. Be2 Nf6 10. h3 Bxf3 11. Bxf3 Qa5 12. Ke2 d5 13. exd5 Nb4 14. Bg5 Be7
15. Bxf6 Bxf6 16. a3 Nxd5 17. Nxd5 Rxd5 18. Bxd5 Qxd5 19. c3 Qxg2+ 20. Kd3 Qxb2
21. Qg4+ Kb8 22. Rhb1 Qf2 23. Qe4 b6 24. a4 Qg3+ 25. Qe3 Qg6+ 26. Kc4 Bg5 27.
Qf3 Qe6+ 28. Qd5 Qxd5+ 29. Kxd5 g6 30. a5 Bd2 31. Rb3 Rd8+ 32. Ke5 f5 33. Rd1
Bg5 34. c4 Kc8 35. axb6 axb6 36. d5 Re8+ 37. Kd4 Kd7 38. Rf3 Kd6 39. Kc3 Re4
40. Kb4 Be3 41. Rh1 f4 42. Kb5 g5 43. Rh2 Ke5 44. Rc2 Bc5 45. Ra2 h5 46. Ra8 g4
47. hxg4 hxg4 48. Rc3 f3 49. Kc6 f2 50. Rc1 Bd6 51. Rg8 Kf4 52. c5 bxc5 53. Rg7
Re1 54. Rc4+ Ke5 0-1

[Event "GMI 90 ans"]
[Site "Paris"]
[Date "2015.??.??"]
[Round "5"]
[White "Loiseau, Quentin"]
[Black "Gharamian, Tigran"]
[Result "1/2-1/2"]
[WhiteElo "2429"]
[BlackElo "2649"]
[PlyCount "51"]
[EventDate "2015.07.04"]
[EventType "tourn"]
[EventCountry "FRA"]

1. d4 Nf6 2. c4 g6 3. Nc3 d5 4. Nf3 Bg7 5. cxd5 Nxd5 6. e4 Nxc3 7. bxc3 c5 8.
Be3 Bg4 9. Qd2 cxd4 10. cxd4 Nc6 11. Rd1 O-O 12. Be2 Rc8 13. O-O Bxf3 14. gxf3
e6 15. d5 exd5 16. exd5 Ne5 17. f4 Nc4 18. Bxc4 Rxc4 19. Rc1 b5 20. d6 Qd7 21.
Qd5 Rfc8 22. Rxc4 bxc4 23. Rb1 c3 24. Rb7 Qg4+ 25. Kf1 Rf8 26. Rc7 1/2-1/2

[Event "GMI 90 ans"]
[Site "Paris"]
[Date "2015.??.??"]
[Round "5"]
[White "Fedorchuk, Sergey A"]
[Black "Rakotomaharo, Fy Antenaima"]
[Result "1-0"]
[WhiteElo "2664"]
[BlackElo "2450"]
[PlyCount "97"]
[EventDate "2015.07.04"]
[EventType "tourn"]
[EventCountry "FRA"]

1. e4 c5 2. Nf3 d6 3. Bb5+ Nc6 4. O-O Bd7 5. Re1 Nf6 6. c3 a6 7. Bf1 Bg4 8. h3
Bxf3 9. Qxf3 e6 10. d3 Be7 11. Nd2 d5 12. e5 Nd7 13. Qg4 g5 14. Nf3 h5 15. Qg3
Rg8 16. h4 g4 17. Ng5 Nf8 18. a3 Ng6 19. b4 Nxh4 20. Qxh4 Bxg5 21. Qxh5 Bxc1
22. Raxc1 Qg5 23. Qxg5 Rxg5 24. bxc5 Rxe5 25. Be2 Rg5 26. d4 O-O-O 27. Rb1 Rh8
28. g3 e5 29. Rb6 Kc7 30. Reb1 Rb8 31. Bxa6 exd4 32. Bxb7 Na5 33. Ba6 Rh8 34.
cxd4 Rgh5 35. Kf1 Nc6 36. Rb7+ Kd8 37. R1b6 Nxd4 38. Rd6+ Ke8 39. Rb8+ Ke7 40.
Rxh8 Rxh8 41. Rxd5 Nf3 42. Ke2 Rh1 43. Bc8 Re1+ 44. Kd3 Kf6 45. Kc3 Ne5 46. a4
Ra1 47. Bd7 Ra2 48. c6 Rxa4 49. Rxe5 1-0

[Event "GMI 90 ans"]
[Site "Paris"]
[Date "2015.??.??"]
[Round "5"]
[White "Kambrath, Yannick"]
[Black "Sochacki, Christophe"]
[Result "1-0"]
[WhiteElo "2399"]
[BlackElo "2427"]
[PlyCount "92"]
[EventDate "2015.07.04"]
[EventType "tourn"]
[EventCountry "FRA"]

1. d4 Nf6 2. c4 g6 3. Nc3 d5 4. cxd5 Nxd5 5. e4 Nxc3 6. bxc3 Bg7 7. Qa4+ Bd7 8.
Qa3 O-O 9. Bg5 Re8 10. Nf3 h6 11. Be3 Bg4 12. Bc4 Bxf3 13. gxf3 e5 14. Rg1 Qf6
15. Ke2 Nd7 16. Rab1 Nb6 17. Bb3 a5 18. Qc5 a4 19. Bc2 exd4 20. cxd4 Rad8 21.
Bd3 Rxd4 22. Bxd4 Qxd4 23. Qxd4 Bxd4 24. Rgc1 Re7 25. Rb5 Be5 26. h3 Bf4 27.
Rcb1 Kg7 28. Ra5 Re5 29. Rxe5 Bxe5 30. Rb5 Kf6 31. Ke3 Bd6 32. Kd4 Ke6 33. e5
Be7 34. Be4 Bh4 35. Bxb7 Bxf2+ 36. Ke4 g5 37. Bd5+ Ke7 38. Ra5 h5 39. Kf5 Be1
40. Rc5 Bb4 41. Rxc7+ Kd8 42. Rc1 Ke7 43. Be4 Nd7 44. Rc7 Kd8 45. Rc4 Be1 46.
Rxa4 Bc3 1-0